Top 100 best footballers in 2022 - Statistics

General Stats
  • This quiz has been taken 191 times
  • The average score is 48 of 100
Answer Stats
Hint Answer % Correct
PSG 1 Messi
99%
PSG 2 Mbappe
98%
Real Madrid 3 Benzema
93%
Man City 4 Haaland
93%
RealMadrid 8 Vini
92%
Spurs 13 Kane
88%
Liverpool 10 Salah
88%
RealMadrid 5 Modric
87%
Man City 6 De Bruyne
85%
Barca 7 Lewandowski
82%
Dortmund 14 Bellingham
81%
Spurs 26 Heung-Min
79%
PSG 12 Neymar
79%
Al Nassr 51 Ronaldo
79%
RealMadrid 39 Kroos
76%
Arsenal 22 Saka
75%
RealMadrid 9 Courtois
74%
RealMadrid 93 Rodrygo
72%
Barca 19 Pedri
69%
AtleticoMadrid 17 Griezmann
68%
Man City 53 Rodri
68%
Barca 37 Gavi
67%
Aston Villa 20 Martinez
67%
Inter 70 Martinez
67%
Man U 81 Martinez
67%
Liverpool 27 Van Dijk
67%
Man U 58 Rashford
65%
Man City 29 Silva
64%
Chelsea 75 Silva
64%
Man City 24 Foden
63%
AC Milan 23 Leao
63%
Bayern 91 Neuer
61%
Man U 15 Casemiro
60%
Man City 54 Ederson
60%
Bayern 98 Sane
59%
Man City 84 Walker
59%
Liverpool 34 Alisson
58%
Man City 44 Dias
58%
Bayern 41 Kimmich
58%
Bayern 11 Mane
56%
PSG 16 Hakimi
55%
Napoli 52 Osimhen
55%
RealMadrid 42 Alaba
54%
Arsenal 35 Odegaard
54%
RealMadrid 56 Rudiger
53%
Man U 28 Fernandes
51%
Arsenal 62 Jesus
50%
RealMadrid 67 Militao
48%
RealMadrid 18 Valverde
48%
AC Milan 30 Giroud
47%
Man City 55 Gundogan
47%
Juventes 38 Di Maria
46%
Bayern 95 Gnabry
46%
Bayern 25 Musiala
46%
Liverpool 60 Alexander-Arnold
45%
AC Milan 46 Hernandez
45%
PSG 65 Marquinhos
45%
Man City 36 Cancelo
44%
Barca 89 De Jong
43%
Leipzig 33 Nkunku
43%
Liverpool 82 Nunez
43%
West Ham 88 Rice
41%
Bayern 64 Davies
38%
Man City 57 Mahrez
38%
Juventes 66 Vlahovic
38%
Liverpool 59 Diaz
37%
Liverpool 97 Robertson
37%
Brighton 47 Mac Allister
36%
Benfica 21 Fernandez
35%
Spurs 76 Lloris
35%
RealMadrid 45 Tchouameni
35%
Lazio 87 Immobile
33%
Man U 85 Varane
33%
Barca 69 Dembele
32%
AC Milan 74 Maignan
31%
Napoli 40 Kvaratskhelia
30%
Inter 73 Barella
28%
Leipzig 31 Gvardiol
25%
Sevilla 43 Bounou
24%
AC Milan 96 Tonali
24%
Liverpool 50 Gakpo
22%
Bayern 86 Upamecano
22%
AtleticoMadrid 48 De Paul
21%
Newcastle 90 Guimaraes
21%
Spurs 61 Richarlison
21%
Spurs 72 Romero
20%
Chelsea 94 James
18%
Benfica 100 Otamendi
17%
Chelsea 80 Koulibaly
15%
DynamoZagreb 71 Livakovic
15%
Fulham 83 Mitrovic
13%
Inter 68 Brozovic
12%
Porto 78 Taremi
9%
Chelsea 63 Ziyech
8%
Flamengo 99 Barbosa
6%
Angers 79 Ounahi
4%
Man City 32 Alverez
2%
Liverpool 77 Fabhino
1%
Fiorentina 49 Ambarat
0%
Flamengo 92 Arrascaeta
0%
No matching quizzes found
Score Distribution
Percent of People with Each Score
Percentile by Number Answered
Your Score History
You have not taken this quiz